[Event "OLNN 1617 Königsspringer - Schachfreund"]
[Site "?"]
[Date "2017.05.07"]
[Round "9.4"]
[White "Lampe, Joerg"]
[Black "Hermesmann, Hans"]
[Result "1-0"]
[WhiteElo "2118"]
[BlackElo "2267"]
[PlyCount "55"]
[EventDate "2017.??.??"]

1. e4 g6 2. d4 Bg7 3. Nc3 d6 4. Be3 a6 5. a4 b6 6. h3 Bb7 7. g4 Nd7 8. Bg2 e5
9. Nge2 Ne7 10. Ng3 exd4 11. Bxd4 Ne5 12. O-O N7c6 13. Be3 h5 14. gxh5 Qd7 15.
Nd5 O-O-O 16. Bxb6 Rdg8 17. Bxc7 Qe6 18. Ra3 Nc4 19. Rb3 gxh5 20. Nf5 Bxb2 21.
Qe2 N6a5 22. Nfe7+ Kd7 23. Rxb7 Nxb7 24. Qxc4 Nc5 25. Nxg8 Rxg8 26. Bb6 Be5 27.
Bxc5 Qxh3 28. Nf6+ 1-0

[Event "OLNN 1617 Königsspringer - Schachfreund"]
[Site "?"]
[Date "2017.05.07"]
[Round "9.5"]
[White "Kluenger, Marc"]
[Black "Dettmann, Steffen"]
[Result "1-0"]
[WhiteElo "2198"]
[BlackElo "2195"]
[PlyCount "77"]
[EventDate "2017.??.??"]

1. Nf3 Nf6 2. c4 e6 3. b3 Be7 4. Bb2 O-O 5. g3 b6 6. Bg2 Bb7 7. O-O c5 8. e3
Nc6 9. d4 d5 10. Qe2 Qc7 11. dxc5 Bxc5 12. Bxf6 gxf6 13. cxd5 exd5 14. Nc3 Rad8
15. Rfd1 d4 16. Nb5 Qe7 17. Nfxd4 Nxd4 18. Nxd4 Bxd4 19. Qg4+ Kh8 20. Rxd4 Rxd4
21. exd4 Bxg2 22. Kxg2 Rd8 23. Rd1 Rd5 24. Rd3 f5 25. Qf3 Qd6 26. Qe3 b5 27. h4
b4 28. Rd1 Ra5 29. Rd2 h6 30. Rc2 Kg7 31. Qd2 Rd5 32. Rc4 a5 33. Qe3 Rb5 34.
Rc8 Rd5 35. Qe8 f4 36. g4 f3+ 37. Kh3 f5 38. Qg8+ Kf6 39. Rf8+ 1-0

[Event "OLNN 1617 Königsspringer - Schachfreund"]
[Site "?"]
[Date "2017.05.07"]
[Round "9.6"]
[White "Lock, Adrian"]
[Black "Jaeckle, Marco"]
[Result "1/2-1/2"]
[WhiteElo "2064"]
[BlackElo "2242"]
[PlyCount "31"]
[EventDate "2017.??.??"]

1. e4 c5 2. Nf3 e6 3. b3 Nc6 4. Bb2 a6 5. Be2 d6 6. O-O Nf6 7. e5 dxe5 8. Nxe5
Nxe5 9. Bxe5 Bd6 10. d4 O-O 11. Bf3 cxd4 12. Qxd4 Bxe5 13. Qxe5 Nd7 14. Qd6 Qf6
15. Nd2 Ne5 16. Rfe1 {(=)} 1/2-1/2

[Event "OLNN 1617 Königsspringer - Schachfreund"]
[Site "?"]
[Date "2017.05.07"]
[Round "9.7"]
[White "Kull, Florian"]
[Black "Langmann, Markus"]
[Result "0-1"]
[WhiteElo "2148"]
[BlackElo "2038"]
[PlyCount "82"]
[EventDate "2017.??.??"]

1. c4 e5 2. Nc3 Nc6 3. Nf3 Nf6 4. e3 Bb4 5. Qc2 O-O 6. Nd5 d6 7. Nxb4 Nxb4 8.
Qc3 c5 9. a3 Nc6 10. b3 Ne4 11. Qc2 f5 12. Bb2 Ng5 13. Be2 f4 14. Rd1 Bf5 15.
Qc3 Be4 16. h4 Bxf3 17. gxf3 Ne6 18. b4 b6 19. Qd3 Rf6 20. Qe4 Rc8 21. b5 Ne7
22. d4 cxd4 23. exd4 exd4 24. Rg1 Nf5 25. Bd3 Rc5 26. Kd2 Re5 27. Qc6 Nc5 28.
Bxf5 Rfxf5 29. Bxd4 Nb3+ 30. Kc3 Na5 31. Bxe5 Nxc6 32. Rxg7+ Kf8 33. bxc6 Rxe5
34. c7 Qf6 35. Rd4 Re8 36. Rg4 Qh8 37. Kd3 Ke7 38. Rgxf4 Kd7 39. Rf7+ Re7 40.
Rdf4 Qe8 41. Rf8 Qg6+ 0-1

[Event "OLNN 1617 FC St. Pauli - SF Schwerin"]
[Site "?"]
[Date "2017.05.07"]
[Round "9.1"]
[White "Danielsen, Henrik"]
[Black "Feuerstack, Aljoscha"]
[Result "1-0"]
[WhiteElo "2490"]
[BlackElo "2454"]
[PlyCount "77"]
[EventDate "2017.??.??"]

1. f4 c5 2. Nf3 Nc6 3. d3 g6 4. e4 Bg7 5. Be2 e6 6. c3 Nge7 7. O-O d5 8. Na3
O-O 9. e5 f6 10. d4 cxd4 11. cxd4 Qb6 12. Kh1 fxe5 13. dxe5 Bh6 14. g3 Nf5 15.
Nc2 Bd7 16. b3 a5 17. g4 Nfe7 18. Be3 d4 19. Nfxd4 Nd5 20. Nf5 Nxe3 21. Nxh6+
Kh8 22. Nxe3 Qxe3 23. Qxd7 Qxe2 24. Rae1 Qb5 25. Qxe6 Nd4 26. Qd6 Nc2 27. e6
Qc6+ 28. Qxc6 bxc6 29. Re4 Kg7 30. Nf7 Rae8 31. Nd6 Re7 32. f5 Nb4 33. g5 gxf5
34. Nxf5+ Kg8 35. Kg2 Ra7 36. e7 Re8 37. Nh6+ Kg7 38. Re6 Raa8 39. Rf7+ 1-0

[Event "OLNN 1617 FC St. Pauli - SF Schwerin"]
[Site "?"]
[Date "2017.05.07"]
[Round "9.2"]
[White "Michna, Marta"]
[Black "Spivak, Ilya"]
[Result "1-0"]
[WhiteElo "2372"]
[BlackElo "2338"]
[PlyCount "83"]
[EventDate "2017.??.??"]

1. d4 d5 2. Nf3 Nf6 3. e3 c5 4. Nbd2 Nc6 5. a3 cxd4 6. exd4 Bf5 7. Be2 e6 8.
O-O Bd6 9. Re1 O-O 10. Nf1 Qb8 11. Ne3 Be4 12. g3 b5 13. Ng2 Qb6 14. c3 a5 15.
Bg5 Nd7 16. Be3 Qb7 17. Nd2 Bxg2 18. Kxg2 b4 19. Kg1 bxc3 20. bxc3 e5 21. dxe5
Bxe5 22. Qa4 Qc7 23. Nf3 Bf6 24. Red1 Qd6 25. Rab1 Rfc8 26. Rb5 Ne7 27. c4 Nc5
28. Qc2 Ne6 29. Qd3 d4 30. Nxd4 Nxd4 31. Bxd4 Bxd4 32. Qxd4 Qxa3 33. c5 Nc6 34.
Qf4 Rf8 35. Bc4 Na7 36. Rb7 Qc3 37. Rdd7 Kh8 38. Rxf7 Rxf7 39. Qxf7 Qd4 40. Bd5
h6 41. Re7 Rd8 42. Re8+ 1-0

[Event "OLNN 1617 FC St. Pauli - SF Schwerin"]
[Site "?"]
[Date "2017.05.07"]
[Round "9.3"]
[White "Kesten, Sebastian"]
[Black "Voigt, Martin"]
[Result "1-0"]
[WhiteElo "2276"]
[BlackElo "2348"]
[PlyCount "83"]
[EventDate "2017.??.??"]

1. d4 d5 2. c4 c6 3. cxd5 cxd5 4. Nc3 Nf6 5. Bf4 Nc6 6. e3 a6 7. Bd3 Bg4 8.
Nge2 Bxe2 9. Qxe2 e6 10. O-O Bd6 11. Bxd6 Qxd6 12. Na4 Nd7 13. Rfc1 O-O 14. a3
g6 15. b4 a5 16. b5 Ne7 17. Qb2 Rfc8 18. b6 Rxc1+ 19. Rxc1 Rc8 20. Rb1 h5 21.
g3 h4 22. Kg2 Kg7 23. Nc5 Rb8 24. Nxd7 Qxd7 25. Rc1 Qd6 26. Rc5 hxg3 27. hxg3
Nc8 28. Rxa5 Nxb6 29. Rb5 Nc4 30. Bxc4 dxc4 31. Qc3 Kg8 32. Qxc4 Qxa3 33. Qc7
Qa8 34. Rb6 Kg7 35. Qe5+ Kg8 36. e4 Rc8 37. Rb1 Kf8 38. Qd6+ Kg8 39. Qe5 Kf8
40. d5 Qa2 41. Qh8+ Ke7 42. Rxb7+ 1-0

[Event "OLNN 1617 FC St. Pauli - SF Schwerin"]
[Site "?"]
[Date "2017.05.07"]
[Round "9.4"]
[White "Krause, Jonah"]
[Black "de Jong, Migchiel"]
[Result "1/2-1/2"]
[WhiteElo "2340"]
[BlackElo "2335"]
[PlyCount "139"]
[EventDate "2017.??.??"]

1. d4 e6 2. c4 Bb4+ 3. Bd2 a5 4. Nc3 Nf6 5. Nf3 d6 6. g3 Nc6 7. a3 Bxc3 8. Bxc3
Ne4 9. Rc1 O-O 10. d5 Ne7 11. Bg2 e5 12. O-O a4 13. Bb4 f5 14. Ne1 b6 15. Nd3
Ng6 16. e3 Nc5 17. f4 Nxd3 18. Qxd3 Qe7 19. h4 Bd7 20. Rce1 Rae8 21. Bc3 e4 22.
Qd4 Nh8 23. Rf2 Rf6 24. Bf1 Nf7 25. Qd2 Rg6 26. Rg2 Nh6 27. h5 Rg4 28. Be2 Qf7
29. Bxg4 Nxg4 30. h6 Nxh6 31. Rh2 Ng4 32. Rh4 Qg6 33. Kg2 Re7 34. Qd4 h6 35.
Reh1 Kh7 36. Rh5 Qf7 37. R5h4 Be8 38. Rf1 b5 39. Kg1 bxc4 40. Rxg4 fxg4 41. f5
Re5 42. Qxc4 Rxf5 43. Rxf5 Qxf5 44. Qxc7 Qg6 45. Qe7 Bf7 46. Bb4 Bxd5 47. Bxd6
Qf5 48. Be5 Bf7 49. Bd4 Kg6 50. Qe5 Qxe5 51. Bxe5 Bc4 52. Kf2 Kf7 53. Bd4 g5
54. Bb6 Kg6 55. Bd8 Kf7 56. Kg1 Ke6 57. Kf2 Bb5 58. Kg1 Kd5 59. Bf6 Kc4 60. Bg7
Kd3 61. Kf2 h5 62. Bh6 h4 63. Bxg5 h3 64. Kg1 Ke2 65. Kh2 Kf2 66. Bh6 Be2 67.
Bg5 Bf3 68. Bh6 Ke2 69. Bg5 Kd3 70. Bh6 1/2-1/2

[Event "OLNN 1617 FC St. Pauli - SF Schwerin"]
[Site "?"]
[Date "2017.05.07"]
[Round "9.5"]
[White "Reichmann, Hendrik"]
[Black "Breyther, Ruediger"]
[Result "0-1"]
[WhiteElo "2354"]
[BlackElo "2247"]
[PlyCount "82"]
[EventDate "2017.??.??"]

1. d4 Nf6 2. Bf4 e6 3. e3 c5 4. Nf3 Nc6 5. c3 d5 6. Nbd2 Be7 7. Bd3 Nh5 8. Be5
O-O 9. g4 f6 10. gxh5 fxe5 11. Nxe5 cxd4 12. Nxc6 bxc6 13. cxd4 e5 14. Qb3 Rxf2
15. O-O-O exd4 16. h6 gxh6 17. Ne4 Rf7 18. exd4 Bf5 19. Ng3 Rb8 20. Qc2 Bxd3
21. Rxd3 Qd7 22. Kb1 Kh8 23. Rc3 Rb6 24. Re1 Bb4 25. Rce3 Bxe1 26. Rxe1 Rb8 27.
Qe2 Qd6 28. a3 Rfb7 29. Qe8+ Qf8 30. Qe5+ Qg7 31. Qxg7+ Kxg7 32. Re2 Rf8 33.
Re6 Rf2 34. b4 Rbf7 35. Nh5+ Kf8 36. Rxc6 Rxh2 37. Rc8+ Ke7 38. Rc7+ Ke6 39.
Ng7+ Kf6 40. Ne8+ Kg6 41. Rc6+ Kg5 0-1

[Event "OLNN 1617 FC St. Pauli - SF Schwerin"]
[Site "?"]
[Date "2017.05.07"]
[Round "9.6"]
[White "Perez de Miguel, Alvaro"]
[Black "Schulz, Karsten"]
[Result "0-1"]
[WhiteElo "2245"]
[BlackElo "2261"]
[PlyCount "92"]
[EventDate "2017.??.??"]

1. d4 d6 2. c4 e5 3. Nf3 Nd7 4. Nc3 Ngf6 5. Bg5 Be7 6. e3 O-O 7. Be2 c6 8. O-O
Ne8 9. Bxe7 Qxe7 10. Qc2 Nef6 11. b4 b6 12. a4 a5 13. bxa5 Rxa5 14. Nd2 Bb7 15.
Nb3 Ra7 16. Ra2 Rc8 17. Qb2 d5 18. cxd5 Nxd5 19. Nxd5 cxd5 20. Qd2 exd4 21.
Nxd4 Ne5 22. Nb5 Raa8 23. Qd4 Rc5 24. Rd1 h6 25. h3 Bc6 26. Raa1 Nc4 27. Bf3
Bxb5 28. axb5 Rd8 29. e4 Nd6 30. exd5 Rxb5 31. Rac1 Qf6 32. Qxf6 gxf6 33. Rb1
Rxb1 34. Rxb1 b5 35. Kf1 Kf8 36. Ke2 Ra8 37. Kd3 Ke7 38. Rb3 Ra2 39. Ke3 Kd7
40. Be2 Nf5+ 41. Kd3 Rxe2 42. Rxb5 Rxf2 43. Rb7+ Kd6 44. Rxf7 Ke5 45. g4 Nd6
46. Re7+ Kxd5 0-1

[Event "OLNN 1617 FC St. Pauli - SF Schwerin"]
[Site "?"]
[Date "2017.05.07"]
[Round "9.7"]
[White "Wolf, Christoph"]
[Black "Stenner, Patrick"]
[Result "1/2-1/2"]
[WhiteElo "2183"]
[BlackElo "2218"]
[PlyCount "76"]
[EventDate "2017.??.??"]

1. e4 c6 2. d4 d5 3. exd5 cxd5 4. Bd3 Nc6 5. c3 Nf6 6. Bf4 Bg4 7. Qb3 e5 8.
dxe5 Nh5 9. Be3 Nxe5 10. Bb5+ Nc6 11. Be2 Bxe2 12. Nxe2 Qd7 13. Nd2 Be7 14. O-O
O-O 15. Nf3 Rfd8 16. Rad1 h6 17. Rfe1 Rac8 18. Ned4 Bd6 19. Qc2 Nf6 20. Qf5 Ng4
21. Qxd7 Rxd7 22. Bc1 Bc5 23. h3 Nf6 24. Be3 Bb6 25. Nf5 Bxe3 26. Rxe3 Kf8 27.
Kf1 b5 28. Ne5 Nxe5 29. Rxe5 Rb8 30. Rd4 a5 31. a3 b4 32. cxb4 axb4 33. axb4
Rdb7 34. Ne3 Rxb4 35. Rxb4 Rxb4 36. Nxd5 Nxd5 37. Rxd5 Rxb2 38. Rd7 g6 1/2-1/2

[Event "OLNN 1617 FC St. Pauli - SF Schwerin"]
[Site "?"]
[Date "2017.05.07"]
[Round "9.8"]
[White "Pajeken, Wolfgang"]
[Black "Rittemann, Steffen"]
[Result "1/2-1/2"]
[WhiteElo "2285"]
[BlackElo "2170"]
[PlyCount "82"]
[EventDate "2017.??.??"]

1. d4 Nf6 2. c4 g6 3. Nc3 Bg7 4. e4 d6 5. Nf3 O-O 6. Be2 e5 7. dxe5 dxe5 8.
Qxd8 Rxd8 9. Bg5 Re8 10. Nd5 Nxd5 11. cxd5 c6 12. Bc4 cxd5 13. Bxd5 Nc6 14.
O-O-O Nb4 15. Bb3 Bg4 16. Kb1 Nc6 17. Bd5 Nd4 18. Nxd4 exd4 19. f3 Be6 20. Bxb7
Rab8 21. Ba6 Rb6 22. Bd3 Reb8 23. Rd2 Rb4 24. Be7 R4b7 25. Bd6 Rd8 26. Ba3 Bh6
27. Rc2 Be3 28. Rd1 Kg7 29. Rc6 g5 30. Ba6 Rb6 31. Rxb6 axb6 32. Be2 Kf6 33.
Bb4 Ke5 34. b3 h5 35. Kb2 h4 36. Be1 Rh8 37. Bc4 Bxc4 38. bxc4 g4 39. fxg4 h3
40. gxh3 Kxe4 41. Bg3 Rxh3 1/2-1/2